[Event "CAN-ch U12 Girls"]
[Site "Windsor"]
[Date "2016.07.08"]
[Round "7.77"]
[White "Lin, Alle"]
[Black "D'Hondt, Sarah"]
[Result "1-0"]
[WhiteElo "1108"]
[BlackElo "967"]
[PlyCount "51"]
[EventDate "2016.07.05"]
[EventType "swiss"]
[EventRounds "7"]
[EventCountry "CAN"]
[SourceTitle "EXT 2022"]
[Source "ChessBase"]
[SourceDate "2021.10.06"]
[SourceVersion "1"]
[SourceVersionDate "2021.10.06"]
[SourceQuality "1"]

1. e4 d6 2. Nf3 e6 3. d4 d5 4. e5 Bb4+ 5. Bd2 Qe7 6. a3 Bxd2+ 7. Qxd2 f6 8. Nc3 Nc6 9. Bb5 a6 10. Ba4 b5 11. Bb3 fxe5 12. Nxe5 Nxe5 13. dxe5 Bb7 14. 0-0 a5 15. Nxb5 Ba6 16. c4 dxc4 17. Bxc4 c6 18. Nd6+ Kd7 19. Nf5+ Kc7 20. Qxa5+ Kc8 21. Bxa6+ Rxa6 22. Qxa6+ Qb7 23. Nd6+ Kd7 24. Qxb7+ Kd8 25. Qc8+ Ke7 26. Qe8# 1-0